A woman's work : reclaiming the radical history of ... Read More
Available copies
- 1 of 1 copy available at LARL/NWRL Consortium.
- 1 of 1 copy available at Lake Agassiz Regional Library. (Show preferred library)
Current holds
0 current holds with 1 total copy.
Show Only Available Copies
| Location | Call Number / Copy Notes | Barcode | Shelving Location | Status | Due Date |
|---|---|---|---|---|---|
| Moorhead Public Library | 306.8743 CLE (Text) | 33500014388995 | New | Available | - |
Record details
- ISBN: 9780593472705
- ISBN: 0593472705
- Physical Description: 405 pages ; 24 cm
- Publisher: New York, NY : Dutton, an imprint of Penguin Random House LLC, [2026]
Content descriptions
| Bibliography, etc. Note: | Includes bibliographical references (pages ... Read More |
| Formatted Contents Note: | Part 1. Traces and rituals : ninth century BCE to ... Read More |
| Summary, etc.: | "Mothers make history. But what it has meant for ... Read More |
Search for related items by subject
| Subject: | Motherhood > History. Mothers > Social conditions. Women > Social conditions. FAMILY & RELATIONSHIPS / Parenting / Motherhood. |
| Genre: | Informational works. |
| LDR | 04997cam a2200577 i 4500 | ||
|---|---|---|---|
| 001 | 486142 | ||
| 003 | LARL_NWRL_CONSORTIUM | ||
| 005 | 20260602202143.0 | ||
| 008 | 260213t20262026nyu e b 001 0 eng | ||
| 010 | . | ‡a 2025038831 | |
| 040 | . | ‡aDLC ‡beng ‡erda ‡cDLC ‡dOCLCO ‡dCHY ‡dYEP ‡dRNL ‡dCHILD ‡dBKL ‡dIUK ‡dJAS ‡dIMT ‡dYDX ‡dDYJ ‡dIG# ‡dYEQ ‡dOCLCO ‡dJTA | |
| 020 | . | ‡a9780593472705 ‡qhardcover | |
| 020 | . | ‡a0593472705 ‡qhardcover | |
| 020 | . | ‡z9780593472712 ‡qelectronic book | |
| 035 | . | ‡a(OCoLC)1525247355 | |
| 042 | . | ‡apcc | |
| 082 | 0 | 4. | ‡a306.874/3 ‡223/eng/20260319 |
| 100 | 1 | . | ‡aCleghorn, Elinor, ‡eauthor. ‡4aut ‡4http://id.loc.gov/vocabulary/relators/aut ‡1https://id.oclc.org/worldcat/entity/E39PBJv8Kpy6WCcXDyQP4RPRKd ‡1http://id.loc.gov/rwo/agents/nb2018012362 |
| 245 | 1 | 2. | ‡aA woman's work : ‡breclaiming the radical history of mothering / ‡cElinor Cleghorn. |
| 246 | 3 | 0. | ‡aReclaiming the radical history of mothering |
| 264 | 1. | ‡aNew York, NY : ‡bDutton, an imprint of Penguin Random House LLC, ‡c[2026] | |
| 300 | . | ‡a405 pages ; ‡c24 cm | |
| 334 | . | ‡asingle unit ‡bmono ‡0http://id.loc.gov/vocabulary/issuance/mono | |
| 336 | . | ‡atext ‡btxt ‡2rdacontent ‡0http://id.loc.gov/vocabulary/contentTypes/txt | |
| 337 | . | ‡aunmediated ‡bn ‡2rdamedia ‡0http://id.loc.gov/vocabulary/mediaTypes/n | |
| 338 | . | ‡avolume ‡bnc ‡2rdacarrier ‡0http://id.loc.gov/vocabulary/carriers/nc | |
| 353 | . | ‡abibliography ‡bbibliography ‡0http://id.loc.gov/vocabulary/msupplcont/bibliography | |
| 353 | . | ‡aindex ‡bindex ‡0http://id.loc.gov/vocabulary/msupplcont/index | |
| 504 | . | ‡aIncludes bibliographical references (pages [329]-334) and index. | |
| 505 | 0 | . | ‡aPart 1. Traces and rituals : ninth century BCE to fourth century CE -- 1. The hidden ones -- 2. What women knew -- 3. Bring it to birth -- 4. Blessed among women -- Part 2. Faith and fortitude : ninth to sixteenth century -- 5. Fragile labors -- 6. Lying-in -- 7. Unnatural -- Part 3. Care and conviction : seventeenth to eighteenth century -- 8. Tender regard -- 9. Quickening spirit -- 10. Want of care -- Part 4. Resistance and reclamation : eighteenth century to present -- 11. Twist to a knot -- 12. None but a mother -- 13. Enlightened -- 14. Women's work -- 15. An intimate history -- Conclusion: Mothering through it all. |
| 520 | . | ‡a"Mothers make history. But what it has meant for mothers to do the physical and emotional work of mothering has, for centuries, been neglected in the stories of the past. Patriarchal control of motherhood has relegated the acts of growing, birthing, nurturing and loving to the sidelines, and deemed it unimportant, women's work. Now, through the voices of the women themselves, Elinor Cleghorn reclaims and retells the history of motherhood, showcasing the mothers, othermothers, midwives, activists, community leaders and more who have shaped the course of history. Beginning in the ancient world, we encounter a figurine made for a childbirth ritual over three-thousand years ago. We meet extraordinary writers and poets, like Anne Bradstreet and Elizabeth Jocelin, who were expressing their innermost feelings about motherhood. During the seventeenth century, in the streets of London we encounter unmarried mothers struggling against stigma and shame, and the women who strove to help them. Later, pioneers like Mary Wollstonecraft laid the intellectual foundations for the liberation of motherhood from male control, and the abhorrent treatment of enslaved mothers was brought to public attention by courageous activists like Sojourner Truth. These and many other brave characters lobbied for mothers of all classes and circumstances to be valued, respected, and supported--not as reproductive vessels, but as people. A Woman's Work is a powerful, inspiring, and ground-breaking new history"-- ‡cProvided by publisher. | |
| 650 | 0. | ‡aMotherhood ‡xHistory. | |
| 650 | 0. | ‡aMothers ‡xSocial conditions. | |
| 650 | 0. | ‡aWomen ‡xSocial conditions. ‡0(LARL_NWRL_CONSORTIUM)34590 | |
| 650 | 7. | ‡aFAMILY & RELATIONSHIPS / Parenting / Motherhood. ‡2bisacsh | |
| 655 | 7. | ‡aInformational works. ‡2lcgft | |
| 758 | . | ‡1http://id.loc.gov/resources/instances/in00024462088 | |
| 758 | . | ‡4http://id.loc.gov/ontologies/bibframe/instanceOf ‡1http://id.loc.gov/resources/works/in00024462088 | |
| 776 | 0 | 8. | ‡iOnline version ‡4http://id.loc.gov/entities/relationships/onlineversion ‡aCleghorn, Elinor ‡tWoman's work ‡dNew York, NY : Dutton, [2026] ‡z9780593472712 ‡w(DLC) 2025038832 |
| 884 | . | ‡aDLC bibframe2marc v3.1-dev ‡g20260226 ‡qDLC ‡uhttps://github.com/lcnetdev/bibframe2marc/tree/v3.1-dev | |
| 901 | . | ‡a486142 ‡bOCoLC ‡c486142 ‡tbiblio ‡sIngram On-Order | |

Add to basket
Permalink
Disable Highlighting